Presidents Of Bolivia - Statistics

General Stats
  • This quiz has been taken 95 times
  • The average score is 50 of 78
Answer Stats
Hint Answer % Correct
2020- Luis Arce
94%
2006-2019 Evo Morales
92%
1888-1892 Aniceto Arce
89%
2019-2020 Jeanine Áñez
87%
2001-2002 Jorge Quiroga
87%
1825 Simón Bolívar
85%
1993-1997 Gonzalo Sánchez de Lozada
84%
2002-2003 Gonzalo Sánchez de Lozada
84%
1971-1978 Hugo Banzer
84%
1997-2001 Hugo Banzer
84%
1871-1872 Agustín Morales
82%
2003-2005 Carlos Mesa
82%
1825-1828 Antonio José de Sucre
81%
1970-1971 Juan José Torres
77%
1952-1956 Víctor Paz Estenssoro
77%
1960-1964 Víctor Paz Estenssoro
77%
1985-1989 Víctor Paz Estenssoro
77%
1943-1946 Gualberto Villarroel
76%
1917-1920 José Gutiérrez Guerra
76%
2005-2006 Eduardo Rodríguez Veltzé
74%
1989-1993 Jaime Paz Zamora
74%
1979 Wálter Guevara
74%
1873-1874 Adolfo Ballivián
73%
1829-1839 Andrés de Santa Cruz
73%
1841-1847 José Ballivián
73%
1956-1960 Hernán Siles Zuazo
71%
1982-1985 Hernán Siles Zuazo
71%
1979-1980 Lidia Gueiler
71%
1980-1981 Luis García Meza
71%
1896-1899 Severo Fernández
71%
1947-1949 Enrique Hertzog
68%
1951-1952 Hugo Ballivían
68%
1982 Guido Vildoso
66%
1926-1930 Hernando Siles Reyes
66%
1981-1982 Celso Torrelio
65%
1978 Juan Pereda
65%
1921-1925 Bautista Saavedra
63%
1899-1904 José Manuel Pando
63%
1949-1951 Mamerto Urriolagoitía
63%
1964-1966 René Barrientos
61%
1966-1969 René Barrientos
61%
1925-1926 Felipe Segundo Guzmán
60%
1884-1888 Gregorio Pacheco
60%
1828 José Miguel de Velasco
60%
1829 José Miguel de Velasco
60%
1839-1841 José Miguel de Velasco
60%
1848 José Miguel de Velasco
60%
1864-1871 Mariano Melgarejo
60%
1946 Néstor Guillén
60%
1828-1829 Pedro Blanco Soto
60%
1979 Alberto Natusch
58%
1969 Luis Adolfo Siles Salinas
58%
1966 Alfredo Ovando Candía
56%
1969-1970 Alfredo Ovando Candía
56%
1931-1934 Daniel Salamanca
56%
1937-1939 Germán Busch
56%
1904-1909 Ismael Montes
56%
1913-1917 Ismael Montes
56%
1934-1936 José Luis Tejada Sorzano
56%
1872-1873 Tomás Frías
56%
1874-1876 Tomás Frías
56%
1930-1931 Carlos Blanco Galindo
55%
1909-1913 Eliodoro Villazón
55%
1892-1896 Mariano Baptista
53%
1946-1947 Tomás Monje
53%
1876-1879 Hilarión Daza
52%
1880-1884 Narciso Campero
52%
1978-1979 David Padilla
50%
1940-1943 Enrique Peñaranda
48%
1847-1848 Eusebio Guilarte
47%
1861-1864 José María de Achá
47%
1848-1855 Manuel Isidoro Belzu
45%
1857-1861 José María Linares
44%
1939-1940 Carlos Quintanilla
42%
1936-1937 David Toro
40%
1841 Sebastián Ágreda
37%
1855-1857 Jorge Córdova
35%
1841 Mariano Enrique Calvo
32%
No matching quizzes found
Score Distribution
Percent of People with Each Score
Percentile by Number Answered
Your Score History
You have not taken this quiz